| 000 | 00714nam a2200253 a 4500 | ||
|---|---|---|---|
| 001 | BRCA_5793 | ||
| 005 | 20190320205221.0 | ||
| 008 | 110311s1950----nyua######---#000-0#eng-# | ||
| 041 | _aeng | ||
| 044 | _anyu | ||
| 050 | 4 |
_aND1650 _b.S76 1950 |
|
| 100 | 1 |
_aStout, George L. _914685 |
|
| 245 | 1 | 0 |
_aThe care of pictures _cby George L. Stout. |
| 250 | _a2 | ||
| 260 |
_aNueva York _bColumbia University _c1950 |
||
| 300 |
_axiv, 125 p. _bil., 24 làminas _c23 cm. |
||
| 500 | _aIncluye índice de ilustraciones e índice analítico | ||
| 500 | _aG31 | ||
| 504 | _aBibliografía: p. 115-120 | ||
| 650 | 1 | 4 |
_aPinturas _99534 |
| 650 | 1 | 4 |
_aConservación y restauración _910779 |
| 902 | _aGFM | ||
| 942 |
_2lcc _cB |
||
| 999 |
_c5482 _d5482 |
||